Protein targeting : (Record no. 160743)

MARC details
000 -LEADER
fixed length control field 02027cam a2200361 a 4500
008 - FIXED-LENGTH DATA ELEMENTS--GENERAL INFORMATION
fixed length control field
020 ## - INTERNATIONAL STANDARD BOOK NUMBER
International Standard Book Number 0199632065
020 ## - INTERNATIONAL STANDARD BOOK NUMBER
International Standard Book Number 0199632103 (pbk.)
049 ## - LOCAL HOLDINGS (OCLC)
Holding library MAIN
090 ## - LOCALLY ASSIGNED LC-TYPE CALL NUMBER (OCLC); LOCAL CALL NUMBER (RLIN)
Classification number (OCLC) (R) ; Classification number, CALL (RLIN) (NR) QP551PRO
003 - CONTROL NUMBER IDENTIFIER
control field
005 - DATE AND TIME OF LATEST TRANSACTION
control field 20230123134135.0
040 ## - CATALOGING SOURCE
Transcribing agency NUST
245 00 - TITLE STATEMENT
Title Protein targeting :
Remainder of title a practical approach /
Statement of responsibility, etc. edited by Anthony I. Magee and Thomas Wileman.
260 ## - PUBLICATION, DISTRIBUTION, ETC.
Place of publication, distribution, etc. Oxford ;
-- New York :
Name of publisher, distributor, etc. IRL Press at Oxford University Press,
Date of publication, distribution, etc. c1992.
300 ## - PHYSICAL DESCRIPTION
Extent xix, 267 p. :
Other physical details ill. ;
Dimensions 25 cm.
440 #4 - SERIES STATEMENT/ADDED ENTRY--TITLE
Title The Practical approach series
504 ## - BIBLIOGRAPHY, ETC. NOTE
Bibliography, etc. note Includes bibliographical references.
500 ## - GENERAL NOTE
General note Includes index.
505 0# - FORMATTED CONTENTS NOTE
Formatted contents note Receptor-mediated endocytosis and lysosomal transport / Catherine M. Nolan -- Membrane traffic pathways in polarized epithelial cells / Juliet A. Ellis ... [et al.] -- Sorting between exocytic pathways in PC12 cells / Louise P. Cramer and Daniel F. Cutler -- Intracellular trafficking in fission yeast / John Armstrong, Erica Fawell and Alison Pidoux -- Network antibodies as tools for studying intracellular protein traffic / David Vaux -- Protein targeting to mitochondria / Ulla Wienhues ... [et al.] -- Techniques in nuclear protein transport / Colin Dingwall -- In vitro reconstitution of endocytic vesicle fusion / Jean Gruenberg and Jean-Pierre Gorvel -- In vitro reconstitution of vesicular transport from the endoplasmic reticulum to the cis Golgi in semi-intact cells / Ruth Schwaninger -- Lipid modifications involved in protein targeting / Wayne J. Masterson and Anthony I. Magee.
650 #0 - SUBJECT ADDED ENTRY--TOPICAL TERM
Topical term or geographic name entry element Proteins
General subdivision Physiological transport.
650 #0 - SUBJECT ADDED ENTRY--TOPICAL TERM
Topical term or geographic name entry element Proteins
General subdivision Secretion.
653 0# - INDEX TERM--UNCONTROLLED
Uncontrolled term Proteins
650 #2 - SUBJECT ADDED ENTRY--TOPICAL TERM
Topical term or geographic name entry element Eukaryotic Cells
General subdivision physiology.
650 #2 - SUBJECT ADDED ENTRY--TOPICAL TERM
Topical term or geographic name entry element Biological Transport
General subdivision physiology.
650 #2 - SUBJECT ADDED ENTRY--TOPICAL TERM
Topical term or geographic name entry element Proteins
General subdivision secretion.
650 #7 - SUBJECT ADDED ENTRY--TOPICAL TERM
Topical term or geographic name entry element Proteinas.
Source of heading or term larpcal
650 #7 - SUBJECT ADDED ENTRY--TOPICAL TERM
Topical term or geographic name entry element Bioquimica.
Source of heading or term larpcal
700 1# - ADDED ENTRY--PERSONAL NAME
Personal name Magee, Anthony I.
700 1# - ADDED ENTRY--PERSONAL NAME
Personal name Wileman, Thomas.
907 ## - LOCAL DATA ELEMENT G, LDG (RLIN)
a .b10055289
b 05-01-06
c 17-04-03
942 ## - ADDED ENTRY ELEMENTS (KOHA)
Koha item type Ordinary Loan Books
Call number prefix QP551PRO
Holdings
Date last seen Total Checkouts Full call number Barcode Cost, replacement price Price effective from Koha item type Lost status Source of classification or shelving scheme Damaged status Not for loan Collection Withdrawn status Home library Current library Shelving location Date acquired Cost, normal purchase price
01/23/2023   QP551 PRO 92003005506 80.00 01/23/2023 BOOKS   LCC     NFIC   MAIN MAIN GEN 01/23/2023 80.00